[Event "Voronezh op-B 23rd"]
[Site "Voronezh"]
[Date "2019.06.18"]
[Round "7"]
[White "Yakimenko, Alexander A"]
[Black "Knyazev, Pavel"]
[Result "1-0"]
[WhiteElo "2072"]
[BlackElo "1800"]
[PlyCount "83"]
[EventDate "2019.06.12"]
[EventType "swiss"]
[EventRounds "9"]
[EventCountry "RUS"]
[SourceTitle "EXT 2020"]
[Source "ChessBase"]
[SourceDate "2019.10.17"]
[SourceVersion "1"]
[SourceVersionDate "2019.10.17"]
[SourceQuality "1"]

1. e4 c6 2. Nc3 d5 3. Nf3 dxe4 4. Nxe4 g6 5. Bc4 Bg7 6. Neg5 e6 7. d4 h6 8. Ne4 Nf6 9. Nxf6+ Qxf6 10. Bd2 0-0 11. Qe2 Nd7 12. Bc3 Qf4 13. g3 Qc7 14. h4 Nf6 15. Ne5 Nd5 16. h5 Bxe5 17. dxe5 Nxc3 18. bxc3 Kg7 19. Qe3 Rh8 20. Bd3 Bd7 21. Qf4 Qd8 22. Rb1 b6 23. hxg6 fxg6 24. Qg4 Qe8 25. Rb4 g5 26. Rf4 Qb8 27. Kd2 Qxe5 28. Re1 Qc5 29. Rd4 Qe7 30. Rxd7 Qxd7 31. Rxe6 Qf7 32. Qd4+ Kg8 33. Rg6+ Qxg6 34. Bxg6 Rf8 35. f4 gxf4 36. gxf4 c5 37. Qe5 Rd8+ 38. Kc1 h5 39. Qe6+ Kg7 40. Qf7+ Kh6 41. Bf5 Rd6 42. Qe7 1-0

[Event "Voronezh op-B 23rd"]
[Site "Voronezh"]
[Date "2019.06.13"]
[Round "2"]
[White "Knyazev, Pavel"]
[Black "Artemov, Nikita"]
[Result "0-1"]
[WhiteElo "1800"]
[BlackElo "2028"]
[PlyCount "60"]
[EventDate "2019.06.12"]
[EventType "swiss"]
[EventRounds "9"]
[EventCountry "RUS"]
[SourceTitle "EXT 2020"]
[Source "ChessBase"]
[SourceDate "2019.10.17"]
[SourceVersion "1"]
[SourceVersionDate "2019.10.17"]
[SourceQuality "1"]

1. Nf3 Nf6 2. g3 g6 3. Bg2 Bg7 4. 0-0 0-0 5. d3 d6 6. e4 c5 7. Nh4 Nc6 8. c3 e5 9. Na3 Bg4 10. Qe1 Qd7 11. f4 Bh3 12. f5 Bxg2 13. Kxg2 d5 14. Bg5 Ne7 15. g4 b5 16. Bxf6 Bxf6 17. Nf3 b4 18. Nc2 gxf5 19. exf5 bxc3 20. bxc3 Qa4 21. Ne3 e4 22. dxe4 dxe4 23. Ng1 Rab8 24. Ne2 Rb2 25. Kh1 Rd8 26. g5 Be5 27. Ng4 e3 28. Nd4 Rxd4 29. cxd4 Qc6+ 30. d5 Qxd5+ 0-1

[Event "Voronezh op-B 22nd"]
[Site "Voronezh"]
[Date "2018.06.12"]
[Round "1"]
[White "Markevich, Arseniy"]
[Black "Knyazev, Pavel"]
[Result "1/2-1/2"]
[WhiteElo "2076"]
[BlackElo "1762"]
[PlyCount "115"]
[EventDate "2018.06.12"]
[EventType "swiss"]
[EventRounds "9"]
[EventCountry "RUS"]
[SourceTitle "CBM 185 Extra"]
[Source "ChessBase"]
[SourceDate "2018.07.29"]
[SourceVersion "1"]
[SourceVersionDate "2018.07.29"]
[SourceQuality "1"]

1. d4 Nf6 2. Nc3 g6 3. e4 d6 4. Bg5 Bg7 5. Qd2 Nbd7 6. Bc4 0-0 7. Bh6 e5 8. Nf3 exd4 9. Nxd4 Ne5 10. Bb3 a6 11. h4 c5 12. Nf3 b5 13. Bd5 Nxd5 14. Nxd5 Bb7 15. Nxe5 dxe5 16. 0-0-0 Bxd5 17. Bxg7 Kxg7 18. Qc3 Qf6 19. Rxd5 Rfe8 20. Qxc5 Rac8 21. Qe3 Qc6 22. Rd2 Red8 23. Rhd1 Rd4 24. f3 Rc4 25. Qd3 Qe6 26. Qd6 Qxd6 27. Rxd6 Rxc2+ 28. Kb1 Rxg2 29. Rc1 Rxc1+ 30. Kxc1 Rf2 31. Rxa6 Rxf3 32. Rb6 Re3 33. Rxb5 Rxe4 34. b4 f5 35. Rb7+ Kf6 36. Rb8 f4 37. Kd2 f3 38. Kd3 Re2 39. a4 e4+ 40. Kd4 f2 41. a5 Ke6 42. Rf8 Ke7 43. Rf4 h6 44. a6 Rb2 45. Ke3 Rxb4 46. Kxf2 Ra4 47. Ke3 Rxa6 48. Rxe4+ Kf7 49. Rf4+ Kg7 50. Ke4 g5 51. hxg5 hxg5 52. Rf5 Kg6 53. Rf8 Kh5 54. Kf3 Ra3+ 55. Kg2 Kg4 56. Rf2 Kh4 57. Re2 g4 58. Rd2 1/2-1/2